000 00471nam a2200181Ia 4500
001 24107
005 20260414151021.0
008 260414t2010||||xx |||||||||||||| ||spa||
041 _aESP
082 _a780.9034
_bP45
100 _aPérez gonzáles, Juliana [1978-...]
_eAUT
245 0 _aHistorias de la música en hispanoamérica 1876-2000
_b
260 _c2010
300 _a168 páginas :
_c23 cm.
650 _aABD
654 _aCAU
942 _cLIB
_dJUS
_fJUS
_2ddc
_n
999 _c24107
_d24107